[Event "Titled Tuesday intern op 03rd Jan Late"]
[Site "Chess.com INT"]
[Date "2023.01.03"]
[Round "8"]
[White "Weisz, Bryan"]
[Black "Tamarozi, Isabelle"]
[Result "1-0"]
[WhiteElo "1924"]
[BlackElo "1982"]
[PlyCount "77"]
[EventDate "2023.01.03"]
[EventType "swiss (blitz)"]
[EventRounds "11"]
[EventCountry "USA"]
[SourceTitle "EXT 2024"]
[Source "ChessBase"]
[SourceDate "2023.10.10"]
[SourceVersion "1"]
[SourceVersionDate "2023.10.10"]
[SourceQuality "1"]

1. e3 g6 2. f3 Bg7 3. g3 d5 4. h3 c5 5. d3 Nc6 6. c3 e5 7. b3 Nf6 8. a3 e4 9. dxe4 0-0 10. exd5 Nxd5 11. Ne2 Re8 12. e4 Ne5 13. Bg2 Nf6 14. 0-0 Nd3 15. Be3 Be6 16. Qc2 c4 17. bxc4 Bxc4 18. Rd1 Qd6 19. Nf4 Rad8 20. Bf1 Bh6 21. Bxd3 Bxf4 22. Bxf4 Bxd3 23. Qf2 Qa6 24. Nd2 Nh5 25. Be3 Qd6 26. f4 Qa6 27. e5 Ng7 28. Nb3 b6 29. Nd4 Bc4 30. a4 Ne6 31. Nc6 Rxd1+ 32. Rxd1 Qxa4 33. Rd6 Qb3 34. g4 Qxc3 35. f5 Qa1+ 36. Kh2 Nc5 37. fxg6 Qf1 38. gxf7+ Kh8 39. fxe8Q+ 1-0